Filter aids and materials : technology and applications /

Guardado en:
Autor Principal: Driscoll, Henry T.
Formato: Libro
Idioma:English
Publicado: Park Ridge, N.J. : Noyes Data Corp., 1977.
Series:Chemical technology review ; no. 86
Materias:
Etiquetas: Agregar Etiqueta
Sin Etiquetas, Sea el primero en etiquetar este registro!
LEADER 00736nam a22002175a 4500
001 EIQ.libpla003994
008 770803s1977####njua##########001#0#eng#d
005 20080423191906.0
245 1 0 |a Filter aids and materials :  |b technology and applications /  |c Henry T. Driscoll. 
260 |a Park Ridge, N.J. :  |b Noyes Data Corp.,  |c 1977. 
300 |a x, 307 p. :  |b il. ;  |c 25 cm. 
440 0 |a Chemical technology review ;  |v no. 86 
500 |a Incluye índices. 
020 |a 0815506589 
100 1 |a Driscoll, Henry T. 
082 0 0 |a 660.2/8424 
650 4 |a Filtros y filtraciones  |x Patentes. 
650 0 |a Filters and filtration  |x Patents. 
010 |a  77071926  
040 |a DLC  |c DLC  |d AR-BbSID 
859 |a AR-BbSID  |b BIB. PLAPIQUI  |h 660.283  |i D 83  |p 1011